[Event "GRENKE Chess Open 2024"]
[Site "Karlsruhe"]
[Date "2024.03.31"]
[Round "6.46"]
[White "Skembris, Spyridon"]
[Black "Wachinger, Nikolas"]
[Result "0-1"]
[WhiteElo "2304"]
[BlackElo "2442"]
[Annotator "TA"]
[PlyCount "112"]
[EventDate "2024.03.28"]
[EventType "swiss"]
[EventCountry "GER"]
[SourceTitle "playchess.com"]
[Source "ChessBase"]
[SourceQuality "1"]

1. d4 Nf6 2. c4 e6 3. Nf3 d5 4. Nc3 Bb4 5. Qb3 c5 6. cxd5 exd5 7. Bg5 Nc6 8. e3 c4 9. Qc2 h6 10. Bxf6 Qxf6 11. Be2 Bf5 12. Qc1 O-O 13. O-O Rfd8 14. Rd1 Rab8 15. Ne1 b5 16. Bf3 Ne7 17. a3 Ba5 18. Nc2 Bc7 19. Nb4 Qe6 20. g3 a5 21. Nc2 Qc6 22. Ne1 b4 23. axb4 axb4 24. Nxd5 Nxd5 25. e4 Be6 26. exd5 Bxd5 27. Bxd5 Qxd5 28. Nc2 Qe4 29. Ne3 Rxd4 30. Rxd4 Qxd4 31. Qxc4 Qxb2 32. Ra7 Bb6 33. Rxf7 Kh8 34. Qf4 Qb1+ 35. Kg2 Re8 36. Rf8+ Rxf8 37. Qxf8+ Kh7 38. Nf5 Qe4+ 39. f3 Qe2+ 40. Kh3 Qe5 41. Nxg7 Bc5 42. Qf7 Qe7 43. Qf5+ Kxg7 44. Qg4+ Qg5 45. Qe4 Qe3 46. Qg4+ Kf6 47. Qh4+ Qg5 48. Qc4 Ke7 49. f4 Qf5+ 50. g4 Qc8 51. Qe4+ Kd6 52. f5 Qc6 53. Qf4+ Kd7 54. f6 Qe6 55. Kh4 Qxf6+ 56. Qxf6 Be7 0-1

[Event "GRENKE Chess Open 2024"]
[Site "Karlsruhe"]
[Date "2024.03.31"]
[Round "6.46"]
[White "Pillard, Valentin"]
[Black "Bulmaga, Irina"]
[Result "1/2-1/2"]
[WhiteElo "2224"]
[BlackElo "2429"]
[Annotator "TA"]
[PlyCount "109"]
[EventDate "2024.03.28"]
[EventType "swiss"]
[EventCountry "GER"]
[SourceTitle "playchess.com"]
[Source "ChessBase"]
[SourceQuality "1"]

1. e4 e5 2. Nf3 Nc6 3. Bb5 a6 4. Ba4 d6 5. d4 Bd7 6. d5 Nb8 7. Bxd7+ Nxd7 8. c4 Ngf6 9. Nc3 g6 10. O-O Bg7 11. h3 O-O 12. Be3 h6 13. Ne1 Nh5 14. Nd3 Qe7 15. Rc1 Nf4 16. Nxf4 exf4 17. Bxf4 Bxc3 18. Rxc3 Qxe4 19. Bxh6 Rfe8 20. b3 Qh4 21. Bc1 Re4 22. Re1 Rae8 23. Rce3 Rxe3 24. Rxe3 Rxe3 25. Bxe3 Qe4 26. Qa1 b6 27. Bh6 f6 28. Bd2 b5 29. cxb5 axb5 30. Ba5 Qxd5 31. Bxc7 Kf7 32. Qc1 Nc5 33. Bb6 Ne6 34. Be3 Qa8 35. Qc2 f5 36. h4 f4 37. Bc1 Qd5 38. Bb2 b4 39. Qe2 Qf5 40. Qd1 d5 41. a3 bxa3 42. Bxa3 Qe5 43. Bb4 Nd4 44. Qd3 f3 45. gxf3 Ne2+ 46. Kf1 Nf4 47. Qa6 Qf5 48. Qa7+ Kg8 49. Qb8+ Kh7 50. Qc7+ Kh6 51. Kg1 Qb1+ 52. Kh2 Qf5 53. Kg1 Qb1+ 54. Kh2 Qf5 55. Kg1 1/2-1/2

[Event "GRENKE Chess Open 2024"]
[Site "Karlsruhe"]
[Date "2024.03.31"]
[Round "6.47"]
[White "Schippke, Manon"]
[Black "Kanov, Nikola"]
[Result "0-1"]
[WhiteElo "2223"]
[BlackElo "2424"]
[Annotator "TA"]
[PlyCount "94"]
[EventDate "2024.03.28"]
[EventType "swiss"]
[EventCountry "GER"]
[SourceTitle "playchess.com"]
[Source "ChessBase"]
[SourceQuality "1"]

1. e4 c5 2. Nf3 e6 3. d4 cxd4 4. Qxd4 Nc6 5. Qe3 Nf6 6. Nc3 d6 7. b3 Be7 8. Bb2 O-O 9. O-O-O Qa5 10. Kb1 Ng4 11. Qe1 Bf6 12. Rxd6 Nxf2 13. e5 Bxe5 14. Nxe5 Qxe5 15. Qxe5 Nxe5 16. Rg1 Nfg4 17. Ne4 f5 18. Ng5 Nf7 19. Nxf7 Kxf7 20. Be2 Nf6 21. Bf3 Re8 22. Re1 Rb8 23. c4 g5 24. h3 b6 25. Bc6 Re7 26. Rd8 Bb7 27. Rxb8 Bxc6 28. Ba3 Re8 29. Rxe8 Nxe8 30. Re2 f4 31. Bb2 Nd6 32. h4 g4 33. Be5 Ne4 34. Rb2 f3 35. gxf3 gxf3 36. Bd4 e5 37. Be3 Kg6 38. Kc2 Kf5 39. Kd3 Nf6 40. c5 Bb5+ 41. Kd2 Ne4+ 42. Ke1 Nxc5 43. Bxc5 bxc5 44. Rc2 Kf4 45. Rxc5 Kg3 46. Rc3 e4 47. Kd2 Kf4 0-1

[Event "GRENKE Chess Open 2024"]
[Site "Karlsruhe"]
[Date "2024.03.31"]
[Round "6.48"]
[White "Gschnitzer, Adrian"]
[Black "Raeber, Markus"]
[Result "1-0"]
[WhiteElo "2423"]
[BlackElo "2221"]
[Annotator "TA"]
[PlyCount "63"]
[EventDate "2024.03.28"]
[EventType "swiss"]
[EventCountry "GER"]
[SourceTitle "playchess.com"]
[Source "ChessBase"]
[SourceQuality "1"]

1. d4 Nf6 2. c4 g6 3. Nc3 Bg7 4. e4 d6 5. Be2 O-O 6. Be3 e5 7. d5 c6 8. g4 cxd5 9. cxd5 Qa5 10. Kf1 Nbd7 11. a3 Qd8 12. g5 Ne8 13. h4 a5 14. h5 Nc5 15. Nf3 f5 16. hxg6 hxg6 17. Nh4 Nxe4 18. Nxe4 fxe4 19. Nxg6 Rf7 20. Bg4 Nc7 21. Bxc8 Rxc8 22. Qh5 Rf3 23. Qh7+ Kf7 24. Nh4 Nxd5 25. Qg6+ Kf8 26. Nxf3 Nxe3+ 27. fxe3 exf3 28. Qf5+ Kg8 29. Qe6+ Kf8 30. Rh3 e4 31. Qf5+ Kg8 32. Qxe4 1-0

[Event "GRENKE Chess Open 2024"]
[Site "Karlsruhe"]
[Date "2024.03.31"]
[Round "6.49"]
[White "Titze, Leo"]
[Black "Niermann, Tristan"]
[Result "1/2-1/2"]
[WhiteElo "2219"]
[BlackElo "2422"]
[Annotator "TA"]
[PlyCount "58"]
[EventDate "2024.03.28"]
[EventType "swiss"]
[EventCountry "GER"]
[SourceTitle "playchess.com"]
[Source "ChessBase"]
[SourceQuality "1"]

1. d4 Nf6 2. c4 e5 3. dxe5 Ng4 4. Bf4 g5 5. Bd2 Nxe5 6. Bc3 Bg7 7. e3 O-O 8. Nf3 Nbc6 9. Be2 d6 10. Nd4 Bd7 11. O-O Qe7 12. Nd2 f5 13. Qb3 Nxd4 14. Bxd4 c5 15. Bc3 Bc6 16. f4 Nd3 17. Bxd3 Qxe3+ 18. Rf2 Qxd3 19. Bxg7 Qxb3 20. Nxb3 Kxg7 21. Rd1 Rad8 22. Rfd2 gxf4 23. Rxd6 Rxd6 24. Rxd6 Re8 25. Na5 Re1+ 26. Kf2 Rb1 27. Nxc6 Rxb2+ 28. Kf3 bxc6 29. a4 Rc2 1/2-1/2

[Event "GRENKE Chess Open 2024"]
[Site "Karlsruhe"]
[Date "2024.03.31"]
[Round "7.1"]
[White "Anton Guijarro, David"]
[Black "Saric, Ivan"]
[Result "1/2-1/2"]
[WhiteElo "2671"]
[BlackElo "2670"]
[Annotator "TA"]
[PlyCount "109"]
[EventDate "2024.03.28"]
[EventType "swiss"]
[EventCountry "GER"]
[SourceTitle "playchess.com"]
[Source "ChessBase"]
[SourceQuality "1"]

1. e4 c5 2. Nf3 d6 3. Bb5+ Nd7 4. Ba4 Ngf6 5. O-O e6 6. d3 Be7 7. c4 O-O 8. Nc3 a6 9. Qe2 Qc7 10. h3 Rd8 11. Nh2 Ne5 12. f4 Nc6 13. Bxc6 Qxc6 14. b3 b5 15. Bb2 Ra7 16. Rae1 Ne8 17. Ng4 b4 18. Na4 Bh4 19. Rd1 f5 20. Nh2 Rf7 21. Nf3 Be7 22. e5 d5 23. d4 dxc4 24. Qxc4 a5 25. dxc5 Ba6 26. Nd4 Rxd4 27. Qxd4 Bxf1 28. Rxf1 Nc7 29. Kh2 Nd5 30. Bc1 Rf8 31. Rf2 Rc8 32. Rc2 h6 33. Qd3 Kf7 34. Qf3 g6 35. Rc4 Qb5 36. Be3 Rc6 37. g4 Nxe3 38. Qxe3 Qb7 39. gxf5 exf5 40. Qd3 Qc8 41. Rd4 Qe6 42. Qf3 g5 43. Kg2 Rc8 44. Kf1 gxf4 45. Rxf4 Bg5 46. Rxf5+ Kg6 47. h4 Rd8 48. c6 Bxh4 49. Qg4+ Kh7 50. Nc5 Rd1+ 51. Qxd1 Qxf5+ 52. Kg2 Qg6+ 53. Kf1 Qf5+ 54. Kg2 Qg6+ 55. Kf1 1/2-1/2

[Event "GRENKE Chess Open 2024"]
[Site "Karlsruhe"]
[Date "2024.03.31"]
[Round "7.1"]
[White "Svane, Rasmus"]
[Black "Kamsky, Gata"]
[Result "1/2-1/2"]
[WhiteElo "2623"]
[BlackElo "2616"]
[Annotator "TA"]
[PlyCount "21"]
[EventDate "2024.03.28"]
[EventType "swiss"]
[EventCountry "GER"]
[SourceTitle "playchess.com"]
[Source "ChessBase"]
[SourceQuality "1"]

1. d4 f5 2. Nf3 Nf6 3. c4 g6 4. Nc3 Bg7 5. b4 d6 6. Bb2 O-O 7. e3 Nc6 8. b5 Na5 9. Be2 a6 10. a4 c5 11. bxc6 1/2-1/2

[Event "GRENKE Chess Open 2024"]
[Site "Karlsruhe"]
[Date "2024.03.31"]
[Round "7.1"]
[White "Kanov, Nikola"]
[Black "Pyrig, Roman"]
[Result "1/2-1/2"]
[WhiteElo "2424"]
[BlackElo "2286"]
[Annotator "ChessBase"]
[PlyCount "83"]
[EventDate "2024.03.28"]
[EventType "swiss"]
[EventCountry "GER"]
[SourceTitle "playchess.com"]
[Source "ChessBase"]
[SourceQuality "1"]

1. e4 c5 2. Nf3 d6 3. d4 cxd4 4. Nxd4 Nf6 5. Nc3 a6 6. Be3 e5 7. Nb3 Be6 8. h3 Be7 9. f4 Qc7 10. f5 Bc4 11. Bxc4 Qxc4 12. Qd3 Qxd3 13. cxd3 Nc6 14. Ke2 O-O-O 15. d4 d5 16. dxe5 Nxe4 17. Nxe4 dxe4 18. Rac1 Kb8 19. Bf4 Nb4 20. Rc4 Nd3 21. Bg3 Nxb2 22. Rxe4 Ka8 23. Rc1 Rc8 24. e6 fxe6 25. fxe6 Rxc1 26. Nxc1 Rc8 27. Nb3 Nc4 28. Rf4 Ne5 29. Nd4 g6 30. Re4 Nc6 31. Nf3 Re8 32. Kd3 Bf6 33. Kc4 Ne7 34. Be5 Rc8+ 35. Kb3 Bxe5 36. Nxe5 Kb8 37. Rh4 Kc7 38. Rxh7 Kd6 39. Nf7+ Kxe6 40. Ng5+ Kd7 41. Ne4 b5 42. g4 1/2-1/2

[Event "GRENKE Chess Open 2024"]
[Site "Karlsruhe"]
[Date "2024.03.31"]
[Round "7.1"]
[White "Bauer, Thomas"]
[Black "Durak, Can"]
[Result "0-1"]
[WhiteElo "2225"]
[BlackElo "2450"]
[Annotator "RC"]
[PlyCount "162"]
[EventDate "2024.03.28"]
[EventType "swiss"]
[EventCountry "GER"]
[SourceTitle "playchess.com"]
[Source "ChessBase"]
[SourceQuality "1"]

1. e4 c5 2. Nf3 d6 3. Bb5+ Nd7 4. c4 a6 5. Ba4 Ngf6 6. Nc3 g6 7. O-O Bg7 8. a3 O-O 9. h3 Rb8 10. Qe2 Ne8 11. Rd1 Nc7 12. d4 b5 13. cxb5 axb5 14. Bc2 b4 15. axb4 Rxb4 16. d5 Ne5 17. Ne1 Rb6 18. f4 Nd7 19. Nf3 Ba6 20. Qe1 Nb5 21. Nxb5 Bxb5 22. Bd2 Rb7 23. Bc3 Nb6 24. Kh1 Qe8 25. Bxg7 Kxg7 26. b3 Qb8 27. Nh2 Bd7 28. Qh4 Qd8 29. f5 e5 30. Qg3 Kh8 31. Ng4 gxf5 32. exf5 Qg5 33. Qf3 Nc8 34. Ra8 Rb4 35. Be4 Rg8 36. Re1 Qh4 37. Re3 Rd4 38. Rb8 Rd2 39. Rb7 Rd8 40. f6 Qg5 41. Bd3 h5 42. Nf2 Ra2 43. Qe4 Qh6 44. Kg1 Kg8 45. Rg3+ Kf8 46. Qf3 Ra1+ 47. Kh2 h4 48. Rg7 Qc1 49. Rxf7+ Kg8 50. Rg7+ Kf8 51. Rf7+ Kg8 52. Rg7+ Kf8 53. Nd1 Qxd1 54. Qxd1 Rxd1 55. Bc2 Rd2 56. Bg6 Rf2 57. Rf7+ Kg8 58. Rg7+ Kf8 59. Rf7+ Kg8 60. Rfxd7 Rxd7 61. Rxd7 Rxf6 62. Bh7+ Kf8 63. Be4 Ne7 64. Rd8+ Kf7 65. Bf3 Nf5 66. Rd7+ Kg6 67. Rd8 Nd4 68. Be4+ Kg5 69. Rg8+ Kf4 70. Rg4+ Ke3 71. Rxh4 Nxb3 72. Rg4 Nd4 73. Bg6 c4 74. Rg3+ Kd2 75. Bh7 Rh6 76. Be4 Rh4 77. Rg4 Rxg4 78. hxg4 c3 79. g5 c2 80. Bxc2 Kxc2 81. g4 Nf3+ 0-1

[Event "GRENKE Chess Open 2024"]
[Site "Karlsruhe"]
[Date "2024.03.31"]
[Round "7.2"]
[White "Sjugirov, Sanan"]
[Black "Maurizzi, Marc`Andria"]
[Result "1/2-1/2"]
[WhiteElo "2690"]
[BlackElo "2602"]
[Annotator "TA"]
[PlyCount "95"]
[EventDate "2024.03.28"]
[EventType "swiss"]
[EventCountry "GER"]
[SourceTitle "playchess.com"]
[Source "ChessBase"]
[SourceQuality "1"]

1. e4 e5 2. Nf3 Nc6 3. Bb5 Nf6 4. d3 Bc5 5. Ba4 O-O 6. O-O d6 7. c3 Bb6 8. Bg5 h6 9. Bh4 g5 10. Bg3 Ne7 11. Nbd2 Ng6 12. Nc4 h5 13. h4 Nh7 14. hxg5 Nxg5 15. Nxg5 Qxg5 16. d4 h4 17. Bh2 Nf4 18. Bxf4 exf4 19. Kh1 Kh8 20. Rg1 Rg8 21. Bb3 Rg7 22. a4 a5 23. e5 Bg4 24. Qd3 Bf5 25. Qf3 d5 26. Qxd5 c6 27. Qf3 Bc7 28. Bd1 Be6 29. Nd2 Rh7 30. Ne4 Qf5 31. Nf6 Rh6 32. Qg4 Qxf6 33. exf6 Bxg4 34. Bxg4 Rxf6 35. Rge1 Rg8 36. Bf3 Rh6 37. Kh2 Bd6 38. Re2 Kg7 39. Rae1 h3 40. Re8 hxg2+ 41. Kxg2 Rxe8 42. Rxe8 Rh8 43. Re1 Kf6 44. c4 Rd8 45. Rd1 Bb4 46. Be4 Bc5 47. d5 cxd5 48. Rxd5 1/2-1/2

[Event "GRENKE Chess Open 2024"]
[Site "Karlsruhe"]
[Date "2024.03.31"]
[Round "7.2"]
[White "Frank, Adam"]
[Black "Gschnitzer, Adrian"]
[Result "1-0"]
[WhiteElo "2284"]
[BlackElo "2423"]
[Annotator "TA"]
[PlyCount "83"]
[EventDate "2024.03.28"]
[EventType "swiss"]
[EventCountry "GER"]
[SourceTitle "playchess.com"]
[Source "ChessBase"]
[SourceQuality "1"]

1. e4 c5 2. Nf3 d6 3. d4 cxd4 4. Nxd4 Nf6 5. Nc3 a6 6. Bg5 e6 7. f4 Be7 8. Qf3 Qc7 9. O-O-O Nbd7 10. g4 h6 11. Bxf6 Bxf6 12. h4 Nb6 13. g5 Bxd4 14. Rxd4 Qc5 15. Rd2 Bd7 16. Be2 Na4 17. Rd3 Rc8 18. Bd1 Nxc3 19. Rxc3 Qa5 20. Rxc8+ Bxc8 21. a3 Bd7 22. gxh6 gxh6 23. Qg3 Bc6 24. Re1 Ke7 25. e5 Rd8 26. f5 dxe5 27. fxe6 fxe6 28. b4 Qd5 29. Qg7+ Kd6 30. Bg4 Rd7 31. Qxh6 Qa2 32. Rd1+ Kc7 33. Rxd7+ Bxd7 34. Qe3 e4 35. Qc3+ Bc6 36. h5 Qd5 37. Qe3 Qe5 38. h6 Bd5 39. Kb1 Kb8 40. h7 Qh8 41. Qf4+ e5 42. Qd2 1-0

[Event "GRENKE Chess Open 2024"]
[Site "Karlsruhe"]
[Date "2024.03.31"]
[Round "7.2"]
[White "Grooten, Herman"]
[Black "Bagrationi, Alexander"]
[Result "1/2-1/2"]
[WhiteElo "2223"]
[BlackElo "2439"]
[Annotator "RC"]
[PlyCount "109"]
[EventDate "2024.03.28"]
[EventType "swiss"]
[EventCountry "GER"]
[SourceTitle "playchess.com"]
[Source "ChessBase"]
[SourceQuality "1"]

1. d4 d5 2. c4 e6 3. Nf3 Nf6 4. Nc3 c6 5. g3 Nbd7 6. Bg2 Bd6 7. O-O O-O 8. Nd2 Bc7 9. b3 c5 10. dxc5 Be5 11. Bb2 Nxc5 12. Nf3 Bxc3 13. Bxc3 dxc4 14. Bb4 Qb6 15. Bxc5 Qxc5 16. Rc1 Qa3 17. Rxc4 Qxa2 18. Ra4 Qb2 19. Qd3 b5 20. Ra5 b4 21. Ng5 Rb8 22. Rxa7 Qe5 23. Ne4 Nd5 24. f4 Qf5 25. Qd4 Nc3 26. Nxc3 bxc3 27. Qxc3 Rxb3 28. Qd4 Rb1 29. Rxb1 Qxb1+ 30. Kf2 Qb5 31. Be4 Re8 32. Qd6 g6 33. h4 Rf8 34. Bf3 h5 35. Be4 Qe8 36. Qc7 Qd8 37. Qc5 e5 38. fxe5 Be6 39. Qd6 Qb8 40. Rb7 Qc8 41. Rc7 Qb8 42. Qc5 Rc8 43. Rxc8+ Qxc8 44. Qxc8+ Bxc8 45. Bd5 Kf8 46. Ke3 Bg4 47. Bc4 Kg7 48. Kf4 Bf5 49. e3 Bg4 50. Ke4 Kf8 51. Kd4 Bf5 52. Bd5 Ke7 53. Bf3 Kf8 54. Be4 Bg4 55. Bd5 1/2-1/2

[Event "GRENKE Chess Open 2024"]
[Site "Karlsruhe"]
[Date "2024.03.31"]
[Round "7.3"]
[White "Shevchenko, Kirill"]
[Black "Peyrer, Konstantin"]
[Result "1-0"]
[WhiteElo "2670"]
[BlackElo "2434"]
[Annotator "TA"]
[PlyCount "47"]
[EventDate "2024.03.28"]
[EventType "swiss"]
[EventCountry "GER"]
[SourceTitle "playchess.com"]
[Source "ChessBase"]
[SourceQuality "1"]

1. c4 e6 2. g3 d5 3. Bg2 Nf6 4. Nf3 d4 5. O-O c5 6. e3 Nc6 7. exd4 cxd4 8. d3 Be7 9. Bg5 h6 10. Bxf6 gxf6 11. Nbd2 Kf8 12. Qe2 Kg7 13. Rac1 f5 14. c5 Bd7 15. a3 a5 16. Nc4 Bxc5 17. Nfe5 Be7 18. Nxd7 Qxd7 19. Nb6 Qd6 20. Nxa8 Rxa8 21. Rc2 a4 22. Rfc1 Na5 23. Rc7 Rb8 24. Rxe7 1-0

[Event "GRENKE Chess Open 2024"]
[Site "Karlsruhe"]
[Date "2024.03.31"]
[Round "7.3"]
[White "Yoo, Christopher Woojin"]
[Black "Fedoseev, Vladimir"]
[Result "0-1"]
[WhiteElo "2583"]
[BlackElo "2690"]
[Annotator "TA"]
[PlyCount "111"]
[EventDate "2024.03.28"]
[EventType "swiss"]
[EventCountry "GER"]
[SourceTitle "playchess.com"]
[Source "ChessBase"]
[SourceQuality "1"]

1. e4 e5 2. Nf3 Nc6 3. Bb5 a6 4. Ba4 Nf6 5. O-O b5 6. Bb3 Bc5 7. c3 d6 8. d4 Bb6 9. a4 Bb7 10. Re1 h6 11. Nbd2 exd4 12. cxd4 Nxd4 13. Nxd4 Bxd4 14. Nf3 Bc5 15. e5 Ne4 16. Be3 O-O 17. Bd5 Bxe3 18. Rxe3 Bxd5 19. Qxd5 Nc5 20. axb5 axb5 21. Rc1 Ne6 22. exd6 Qxd6 23. Qxb5 Rfb8 24. Qf5 Rxb2 25. Ne5 Rf8 26. Nxf7 Rxf7 27. Qxe6 Qxe6 28. Rxe6 Rfxf2 29. Rg6 Rbc2 30. Rd1 Rfd2 31. Rf1 c5 32. h4 Rd5 33. Rf3 Rd1+ 34. Kh2 Rc4 35. h5 Rh4+ 36. Rh3 Rdd4 37. Kg3 Rhf4 38. Rh1 Rf5 39. Rh4 Rxh4 40. Kxh4 Rf6 41. Rg4 Kf7 42. Kg3 Rf5 43. Kh4 Re5 44. Rf4+ Ke8 45. Rg4 Re7 46. Rc4 Rc7 47. g4 Kd7 48. g5 Kc6 49. gxh6 gxh6 50. Rg4 Kd5 51. Rg6 c4 52. Rxh6 c3 53. Rg6 c2 54. Rg1 c1=Q 55. Rf1 Qd1 56. Rxd1+ 0-1

[Event "GRENKE Chess Open 2024"]
[Site "Karlsruhe"]
[Date "2024.03.31"]
[Round "7.3"]
[White "Unzicker, Ferdinand"]
[Black "Ostrovskiy, Andrey"]
[Result "0-1"]
[WhiteElo "2284"]
[BlackElo "2420"]
[Annotator "TA"]
[PlyCount "99"]
[EventDate "2024.03.28"]
[EventType "swiss"]
[EventCountry "GER"]
[SourceTitle "playchess.com"]
[Source "ChessBase"]
[SourceQuality "1"]

1. c4 e6 2. Nf3 Nf6 3. Nc3 Bb4 4. Qc2 O-O 5. a3 Bxc3 6. Qxc3 d6 7. b4 b6 8. Bb2 Bb7 9. e3 c5 10. Be2 Nbd7 11. O-O Qe7 12. Rfe1 a5 13. d4 Ne4 14. Qb3 a4 15. Qc2 f5 16. dxc5 bxc5 17. b5 Nb6 18. Rac1 e5 19. Bf1 Rf6 20. Qe2 Rh6 21. g3 Rf8 22. Bg2 g5 23. Nd2 Nxd2 24. Qxd2 Bxg2 25. Kxg2 Qb7+ 26. e4 f4 27. f3 Qf7 28. g4 Nxc4 29. Qe2 Ne3+ 30. Kg1 Rh3 31. Rb1 h5 32. Bc1 hxg4 33. Bxe3 gxf3 34. Qf1 fxe3 35. Qxh3 f2+ 36. Kh1 fxe1=Q+ 37. Rxe1 Qf3+ 38. Qxf3 Rxf3 39. Kg2 Rf2+ 40. Kg3 Rb2 41. Kg4 Rxb5 42. Rxe3 Rb3 43. Re2 Kf7 44. Kxg5 Ke6 45. Rg2 Rb8 46. Rc2 Rg8+ 47. Kh5 d5 48. Rxc5 dxe4 49. Kh4 Kf5 50. Rc3 0-1

[Event "GRENKE Chess Open 2024"]
[Site "Karlsruhe"]
[Date "2024.03.31"]
[Round "7.3"]
[White "Pfatteicher, Lukas"]
[Black "Brodowski, Piotr"]
[Result "0-1"]
[WhiteElo "2220"]
[BlackElo "2435"]
[Annotator "ChessBase"]
[PlyCount "90"]
[EventDate "2024.03.28"]
[EventType "swiss"]
[EventCountry "GER"]
[SourceTitle "playchess.com"]
[Source "ChessBase"]
[SourceQuality "1"]

1. d4 Nf6 2. c4 e6 3. Nc3 Bb4 4. e3 d5 5. Nf3 O-O 6. Bd2 Nbd7 7. Rc1 c6 8. Bd3 dxc4 9. Bxc4 Qe7 10. a3 Bd6 11. e4 e5 12. Bg5 exd4 13. Qxd4 Ne5 14. Be2 Bg4 15. Qe3 Bxf3 16. Bxf3 h6 17. Bxf6 Qxf6 18. Be2 Nc4 19. Qf3 Qxf3 20. gxf3 Nxb2 21. Rc2 Be5 22. f4 Bxc3+ 23. Rxc3 Na4 24. Rg3 Nc5 25. f3 Kh8 26. Rhg1 g6 27. h4 Ne6 28. f5 gxf5 29. exf5 Nd4 30. Bd3 Rg8 31. Kf2 Rxg3 32. Rxg3 Rd8 33. f4 Rd5 34. Be4 Rd6 35. Ke3 b6 36. f6 Ne6 37. h5 Nc5 38. f5 Rxf6 39. Kf4 Rd6 40. Rg1 Rd4 41. Ke5 Rxe4+ 42. Kf6 Rf4 43. Re1 Nd7+ 44. Kxf7 Rxf5+ 45. Kg6 Rf6# 0-1

[Event "GRENKE Chess Open 2024"]
[Site "Karlsruhe"]
[Date "2024.03.31"]
[Round "7.4"]
[White "Erdogmus, Yagiz Kaan"]
[Black "Niemann, Hans Moke"]
[Result "1/2-1/2"]
[WhiteElo "2540"]
[BlackElo "2676"]
[Annotator "TA"]
[PlyCount "26"]
[EventDate "2024.03.28"]
[EventType "swiss"]
[EventCountry "GER"]
[SourceTitle "playchess.com"]
[Source "ChessBase"]
[SourceQuality "1"]

1. d4 Nf6 2. c4 e6 3. Nc3 d5 4. cxd5 exd5 5. Bg5 Be7 6. e3 O-O 7. Bd3 c6 8. Nf3 Nbd7 9. O-O h6 10. Bf4 Nh5 11. Be5 Nhf6 12. Bf4 Nh5 13. Be5 Nhf6 1/2-1/2

[Event "GRENKE Chess Open 2024"]
[Site "Karlsruhe"]
[Date "2024.03.31"]
[Round "7.4"]
[White "Bazakutsa, Svyatoslav"]
[Black "Bluebaum, Matthias"]
[Result "1/2-1/2"]
[WhiteElo "2462"]
[BlackElo "2655"]
[Annotator "TA"]
[PlyCount "32"]
[EventDate "2024.03.28"]
[EventType "swiss"]
[EventCountry "GER"]
[SourceTitle "playchess.com"]
[Source "ChessBase"]
[SourceQuality "1"]

1. c4 e5 2. g3 c6 3. Nf3 e4 4. Nd4 d5 5. d3 Bc5 6. Nb3 Bb4+ 7. Bd2 Bxd2+ 8. Qxd2 dxc4 9. dxc4 Qxd2+ 10. N1xd2 f5 11. f3 exf3 12. exf3 Nf6 13. O-O-O Kf7 14. f4 Re8 15. Nf3 Kf8 16. Bd3 Na6 1/2-1/2

[Event "GRENKE Chess Open 2024"]
[Site "Karlsruhe"]
[Date "2024.03.31"]
[Round "7.4"]
[White "Makkar, Rajat"]
[Black "Titze, Leo"]
[Result "1-0"]
[WhiteElo "2434"]
[BlackElo "2219"]
[Annotator "RC"]
[PlyCount "77"]
[EventDate "2024.03.28"]
[EventType "swiss"]
[EventCountry "GER"]
[SourceTitle "playchess.com"]
[Source "ChessBase"]
[SourceQuality "1"]

1. e4 c5 2. Nf3 Nc6 3. d4 cxd4 4. Nxd4 g6 5. c4 Nf6 6. Nc3 d6 7. Be2 Nxd4 8. Qxd4 Bg7 9. b3 O-O 10. Bb2 Be6 11. O-O Nd7 12. Qd2 a5 13. f4 Nc5 14. Kh1 Bd7 15. e5 Bc6 16. Qe3 Qb6 17. Nd5 Bxd5 18. cxd5 a4 19. Bd4 axb3 20. axb3 Qb4 21. Bc4 Rfc8 22. Rad1 Qa5 23. exd6 exd6 24. Bxg7 Kxg7 25. f5 Qd8 26. f6+ Kh8 27. Qf4 Qf8 28. Bb5 Ra5 29. Be2 Ra2 30. Rde1 Rd8 31. Bb5 Ra5 32. Qb4 Raa8 33. Re7 Qh6 34. Rxf7 Rf8 35. Re7 Ra2 36. Qc3 Qd2 37. Qh3 h5 38. Re2 Qa5 39. Qe3 1-0

[Event "GRENKE Chess Open 2024"]
[Site "Karlsruhe"]
[Date "2024.03.31"]
[Round "7.4"]
[White "Fedorovsky, Michael"]
[Black "Heinrich, John"]
[Result "1-0"]
[WhiteElo "2419"]
[BlackElo "2275"]
[Annotator "TA"]
[PlyCount "45"]
[EventDate "2024.03.28"]
[EventType "swiss"]
[EventCountry "GER"]
[SourceTitle "playchess.com"]
[Source "ChessBase"]
[SourceQuality "1"]

1. d4 Nf6 2. c4 g6 3. Nc3 d5 4. cxd5 Nxd5 5. e4 Nxc3 6. bxc3 Bg7 7. Nf3 c5 8. Be2 Nc6 9. d5 Bxc3+ 10. Bd2 Bxa1 11. Qxa1 Nd4 12. Nxd4 cxd4 13. Qxd4 O-O 14. O-O f6 15. Rb1 b6 16. Bc4 Kg7 17. e5 Bf5 18. Re1 Rc8 19. g4 Bc2 20. d6 b5 21. exf6+ exf6 22. Qxa7+ Kh8 23. Bh6 1-0

[Event "GRENKE Chess Open 2024"]
[Site "Karlsruhe"]
[Date "2024.03.31"]
[Round "7.5"]
[White "Kollars, Dmitrij"]
[Black "Chigaev, Maksim"]
[Result "1/2-1/2"]
[WhiteElo "2629"]
[BlackElo "2617"]
[Annotator "TA"]
[PlyCount "36"]
[EventDate "2024.03.28"]
[EventType "swiss"]
[EventCountry "GER"]
[SourceTitle "playchess.com"]
[Source "ChessBase"]
[SourceQuality "1"]

1. e4 e5 2. Nf3 Nc6 3. Bb5 a6 4. Ba4 g6 5. d4 b5 6. Bb3 exd4 7. a4 b4 8. Nxd4 Na5 9. Ba2 Bg7 10. c3 c5 11. cxb4 cxb4 12. Bd5 Bb7 13. O-O Ne7 14. Bg5 O-O 15. Bxb7 Nxb7 16. Qd2 a5 17. Bh6 Re8 18. Bxg7 Kxg7 1/2-1/2

[Event "GRENKE Chess Open 2024"]
[Site "Karlsruhe"]
[Date "2024.03.31"]
[Round "7.5"]
[White "Haring, Filip"]
[Black "Nasuta, Grzegorz"]
[Result "1/2-1/2"]
[WhiteElo "2452"]
[BlackElo "2552"]
[Annotator "TA"]
[PlyCount "104"]
[EventDate "2024.03.28"]
[EventType "swiss"]
[EventCountry "GER"]
[SourceTitle "playchess.com"]
[Source "ChessBase"]
[SourceQuality "1"]

1. e4 c5 2. Nf3 d6 3. Bb5+ Nd7 4. O-O a6 5. Bxd7+ Bxd7 6. d4 cxd4 7. Qxd4 e5 8. Qd3 Rc8 9. Nc3 h6 10. Rd1 Nf6 11. a4 Qc7 12. Nd2 Be7 13. Nf1 Bg4 14. Rd2 Be6 15. Ne3 Qc5 16. Ncd1 O-O 17. b3 b5 18. axb5 axb5 19. Ra5 Qb4 20. Ra7 Bd8 21. f3 Qc5 22. Rb7 Ba5 23. Rxb5 Qa7 24. Rf2 Rfd8 25. Bd2 Bb6 26. Nc3 Kh8 27. Na4 Bc7 28. Nd5 Nxd5 29. exd5 Bd7 30. Rb4 f5 31. Be3 Qa5 32. Qd2 Rb8 33. Rxb8 Rxb8 34. Qxa5 Bxa5 35. Rf1 f4 36. Ba7 Rb7 37. Bf2 Bxa4 38. bxa4 Rb2 39. c4 Rc2 40. c5 dxc5 41. Rd1 Kg8 42. d6 Kf7 43. d7 Ke6 44. Kf1 Bd8 45. h3 c4 46. a5 Ra2 47. Bb6 Ke7 48. Bc5+ Kf7 49. Bb6 Ke7 50. Bc5+ Kf7 51. Bb4 Ra4 52. Bc3 Ke6 1/2-1/2

[Event "GRENKE Chess Open 2024"]
[Site "Karlsruhe"]
[Date "2024.03.31"]
[Round "7.5"]
[White "Bulmaga, Irina"]
[Black "Filindash, Nikita"]
[Result "1-0"]
[WhiteElo "2429"]
[BlackElo "2217"]
[Annotator "RC"]
[PlyCount "67"]
[EventDate "2024.03.28"]
[EventType "swiss"]
[EventCountry "GER"]
[SourceTitle "playchess.com"]
[Source "ChessBase"]
[SourceQuality "1"]

1. e4 c5 2. Nf3 d6 3. d4 cxd4 4. Nxd4 Nf6 5. Nc3 a6 6. Bc4 e6 7. Be3 Be7 8. Qe2 O-O 9. O-O-O b5 10. Bb3 Bd7 11. a3 Qc7 12. g4 Bc6 13. f3 Nbd7 14. g5 Ne8 15. h4 Nc5 16. Ba2 Qd7 17. h5 a5 18. Nxc6 Qxc6 19. Qxb5 Qxb5 20. Nxb5 Rb8 21. Nd4 Rb6 22. Nb3 Nxb3+ 23. Bxb3 Rb5 24. g6 Nc7 25. gxf7+ Rxf7 26. f4 d5 27. a4 Rb4 28. exd5 Nxd5 29. Bd2 Rb7 30. Rhe1 Nxf4 31. Bxa5 Bg5 32. Kb1 Bf6 33. Re4 e5 34. Bxf7+ 1-0